PLOWA PLAGUES AND PETROLEUM (Record no. 59706)
[ view plain ]
| 000 -LEADER | |
|---|---|
| fixed length control field | 00327nam a22001457a 4500 |
| 008 - FIXED-LENGTH DATA ELEMENTS--GENERAL INFORMATION | |
| fixed length control field | 230515b ||||| |||| 00| 0 eng d |
| 020 ## - INTERNATIONAL STANDARD BOOK NUMBER | |
| International Standard Book Number | 2900691146347 |
| 041 ## - LANGUAGE CODE | |
| Language code of text/sound track or separate title | eng |
| 080 ## - UNIVERSAL DECIMAL CLASSIFICATION NUMBER | |
| Universal Decimal Classification number | 574 |
| 082 ## - DEWEY DECIMAL CLASSIFICATION NUMBER | |
| Classification number | 574RUD |
| 100 ## - Rafti | |
| Rafti | 44 |
| 101 ## - Shkurtesa | |
| Shkurtesa | MJEDISI |
| 245 ## - TITLE STATEMENT | |
| Title | PLOWA PLAGUES AND PETROLEUM |
| Statement of responsibility, etc | RUDDIMAN.F.W |
| 942 ## - ADDED ENTRY ELEMENTS (KOHA) | |
| Source of classification or shelving scheme | |
| Item type | Books |
| Withdrawn status | Lost status | Source of classification or shelving scheme | Damaged status | Not for loan | Collection code | Permanent location | Current location | Date acquired | Total Checkouts | Full call number | Barcode | Date last seen | Price effective from | Koha item type |
|---|---|---|---|---|---|---|---|---|---|---|---|---|---|---|
| Koleksioni i përgjithshem | UBT - Lipjan | UBT - Lipjan | 05/15/2023 | 574RUD | 002-800080176 | 05/15/2023 | 05/15/2023 | Books | ||||||
| Koleksioni i përgjithshem | UBT - Lipjan | UBT - Lipjan | 05/15/2023 | 574RUD | 002-800080177 | 05/15/2023 | 05/15/2023 | Books | ||||||
| Koleksioni i përgjithshem | UBT - Lipjan | UBT - Lipjan | 05/15/2023 | 574RUD | 002-800080178 | 05/15/2023 | 05/15/2023 | Books | ||||||
| Koleksioni i përgjithshem | UBT - Lipjan | UBT - Lipjan | 05/15/2023 | 574RUD | 002-800080179 | 05/15/2023 | 05/15/2023 | Books | ||||||
| Koleksioni i përgjithshem | UBT - Lipjan | UBT - Lipjan | 05/15/2023 | 574RUD | 002-800080180 | 05/15/2023 | 05/15/2023 | Books | ||||||
| Koleksioni i përgjithshem | UBT - Lipjan | UBT - Lipjan | 05/15/2023 | 574RUD | 002-800080181 | 05/15/2023 | 05/15/2023 | Books | ||||||
| Koleksioni i përgjithshem | UBT - Lipjan | UBT - Lipjan | 05/15/2023 | 574RUD | 002-800080182 | 05/15/2023 | 05/15/2023 | Books | ||||||
| Koleksioni i përgjithshem | UBT - Lipjan | UBT - Lipjan | 05/15/2023 | 574RUD | 002-800080183 | 05/15/2023 | 05/15/2023 | Books | ||||||
| Koleksioni i përgjithshem | UBT - Lipjan | UBT - Lipjan | 05/15/2023 | 574RUD | 002-800080184 | 05/15/2023 | 05/15/2023 | Books |